Vainqueurs du Grand Prix de Hongrie de Formule 1 - Statistiques

Statistiques générales
  • Ce quiz a été pris 405 fois
  • Le résultat moyen est 33 sur 37
Statistiques - réponses
Année Vainqueur Ecurie % Correct
2007 Lewis Hamilton McLaren-Mercedes
100%
2009 Lewis Hamilton McLaren-Mercedes
100%
2012 Lewis Hamilton McLaren-Mercedes
100%
2013 Lewis Hamilton Mercedes
100%
2016 Lewis Hamilton Mercedes
100%
2018 Lewis Hamilton Mercedes
100%
2019 Lewis Hamilton Mercedes
100%
2020 Lewis Hamilton Mercedes
100%
2022 Max Verstappen Red Bull
98%
1994 Michael Schumacher Benetton-Ford
98%
1998 Michael Schumacher Ferrari
98%
2001 Michael Schumacher Ferrari
98%
2004 Michael Schumacher Ferrari
98%
2021 Esteban Ocon Alpine-Renault
97%
2015 Sebastian Vettel Ferrari
97%
2017 Sebastian Vettel Ferrari
97%
1988 Ayrton Senna McLaren-Honda
94%
1991 Ayrton Senna McLaren-Honda
94%
1992 Ayrton Senna McLaren-Honda
94%
2003 Fernando Alonso Renault
93%
2014 Daniel Ricciardo Red Bull-Renault
91%
2006 Jenson Button Honda
89%
2011 Jenson Button McLaren-Mercedes
89%
2010 Mark Webber Red Bull-Renault
87%
1999 Mika Häkkinen McLaren-Mercedes
84%
2000 Mika Häkkinen McLaren-Mercedes
84%
1996 Jacques Villeneuve Williams-Renault
82%
1997 Jacques Villeneuve Williams-Renault
82%
2005 Kimi Räikkönen McLaren-Mercedes
82%
2002 Rubens Barrichello Ferrari
79%
1993 Damon Hill Williams-Renault
78%
1995 Damon Hill Williams-Renault
78%
1989 Nigel Mansell Ferrari
74%
1986 Nelson Piquet Williams-Honda
70%
1987 Nelson Piquet Williams-Honda
70%
2008 Heikki Kovalainen McLaren-Mercedes
58%
1990 Thierry Boutsen Williams-Renault
27%
Aucun quiz correspondant
Distribution des résultats
% des personnes avec chaque résultat
Percentile par nombre de réponses
Votre historique - résultats
Vous n’avez pas pris ce quiz